书目信息 |
| 题名: |
创新创业典型案例分析
|
|
| 作者: | 罗海滨 主编 | |
| 分册: | 校友创业篇 | |
| 出版信息: | 上海 上海交通大学出版社 2018.11 |
|
| 页数: | 197页 | |
| 开本: | 26cm | |
| 丛书名: | ||
| 单 册: | ||
| 中图分类: | F241.4 | |
| 科图分类: | ||
| 主题词: | 创业--chuang ye--案例--中国 | |
| 电子资源: | ||
| ISBN: | 978-7-313-20340-3 | |
| 000 | 01070nam0 2200241 450 | |
| 001 | 0109110128 | |
| 005 | 20201109110336.0 | |
| 010 | @a978-7-313-20340-3@dCNY35.00 | |
| 100 | @a20190508e20202018em y0chiy50 ea | |
| 101 | 0 | @achi |
| 102 | @aCN@b310000 | |
| 105 | @aa z 000yy | |
| 106 | @ar | |
| 200 | 1 | @a创新创业典型案例分析@Achuang xin chuang ye dian xing an li fen xi@i校友创业篇@f罗海滨主编 |
| 210 | @a上海@c上海交通大学出版社@d2018.11@h2020.08 | |
| 215 | @a197页@c图,照片@d26cm | |
| 304 | @a分辑题名取自封面 | |
| 330 | @a本教材共五个专题,分别为:创新让世界更美丽;创新,你准备好了吗;创新有法,但无定法;走进创新思维训练营;扫除创新思维的障碍。专题一主要介绍了创新的概念、特征、作用,常见的创新形式等;专题二主要介绍了创新意识、创新力的概念、特征和训练方法等;专题三主要介绍了创新的常用方法及训练等;专题四主要介绍了创新思维的训练方法;专题五主要介绍了常见的创新思维障碍及如何清除障碍。 | |
| 606 | 0 | @a创业@Achuang ye@x案例@y中国 |
| 690 | @aF241.4@v5 | |
| 701 | 0 | @a罗海滨@Aluo hai bin@4主编 |
| 801 | 0 | @aCN@bBJSZM@c20201103 |
| 905 | @b1267684-6@dF241.4@e173@f3 | |
| 创新创业典型案例分析.校友创业篇/罗海滨主编.-上海:上海交通大学出版社,2018.11(2020.08) |
| 197页:图,照片;26cm |
| ISBN 978-7-313-20340-3:CNY35.00 |
| 本教材共五个专题,分别为:创新让世界更美丽;创新,你准备好了吗;创新有法,但无定法;走进创新思维训练营;扫除创新思维的障碍。专题一主要介绍了创新的概念、特征、作用,常见的创新形式等;专题二主要介绍了创新意识、创新力的概念、特征和训练方法等;专题三主要介绍了创新的常用方法及训练等;专题四主要介绍了创新思维的训练方法;专题五主要介绍了常见的创新思维障碍及如何清除障碍。 |
| ● |
| 相关链接 |
|
|
|
|
正题名:创新创业典型案例分析
索取号:F241.4/173
 
预约/预借
| 序号 | 登录号 | 条形码 | 馆藏地/架位号 | 状态 | 备注 |
| 1 | 1267684 | 212676843 | 第一样本阅览室/ [索取号:F241.4/173] | 在馆 | |
| 2 | 1267685 | 212676852 | 第一借阅区/ [索取号:F241.4/173] | 在馆 | |
| 3 | 1267686 | 212676861 | 第一借阅区/ [索取号:F241.4/173] | 在馆 |